[Event "LTU-ch"]
[Site "Vilnius"]
[Date "2017.03.01"]
[Round "6"]
[White "Velioniskis, Robertas"]
[Black "Grabliauskas, Virginijus"]
[Result "0-1"]
[WhiteElo "1931"]
[BlackElo "2367"]
[PlyCount "64"]
[EventDate "2017.02.25"]
[EventType "swiss"]
[EventRounds "9"]
[EventCountry "LTU"]
[SourceTitle "CBM 177 Extra"]
[Source "ChessBase"]
[SourceDate "2017.04.27"]
[SourceVersion "1"]
[SourceVersionDate "2017.04.27"]
[SourceQuality "1"]

1. d4 Nf6 2. Nf3 d5 3. e3 e6 4. Bd3 c5 5. c3 Nc6 6. Nbd2 Bd6 7. 0-0 0-0 8. dxc5 Bxc5 9. e4 Qc7 10. Qe2 b6 11. h3 Nh5 12. exd5 Nf4 13. Qe4 f5 14. Qa4 exd5 15. Bb5 Bd7 16. Nb3 Nxh3+ 17. Kh1 Nxf2+ 18. Rxf2 Bxf2 19. Bf4 Qc8 20. Nbd4 Rf6 21. Qb3 Kh8 22. Qxd5 a6 23. Rf1 Bxd4 24. Bxc6 Bxc6 25. Qxd4 Bxf3 26. Rxf3 Qd8 27. Qe5 Qe8 28. Qc7 Qc6 29. Qxc6 Rxc6 30. Be5 Rf8 31. g4 Rh6+ 32. Bh2 f4 0-1

[Event "LTU-ch"]
[Site "Vilnius"]
[Date "2017.02.26"]
[Round "2"]
[White "Sakalauskas, Vaidas"]
[Black "Velioniskis, Robertas"]
[Result "1/2-1/2"]
[WhiteElo "2357"]
[BlackElo "1931"]
[PlyCount "203"]
[EventDate "2017.02.25"]
[EventType "swiss"]
[EventRounds "9"]
[EventCountry "LTU"]
[SourceTitle "CBM 177 Extra"]
[Source "ChessBase"]
[SourceDate "2017.04.27"]
[SourceVersion "1"]
[SourceVersionDate "2017.04.27"]
[SourceQuality "1"]

1. d4 d5 2. c4 dxc4 3. e4 e5 4. Nf3 exd4 5. Bxc4 Nc6 6. 0-0 Be6 7. Bb5 Bc5 8. b4 Bb6 9. a4 a6 10. Bxc6+ bxc6 11. Bb2 a5 12. Nxd4 Bxd4 13. Bxd4 Nf6 14. e5 Nd5 15. bxa5 Rxa5 16. Qc2 0-0 17. Nc3 c5 18. Nxd5 cxd4 19. Nxc7 Bb3 20. Qxb3 Qxc7 21. e6 fxe6 22. Qxe6+ Qf7 23. Qb6 Qd5 24. Ra3 Rc8 25. h3 Qc5 26. Qe6+ Kh8 27. Re1 Rf8 28. Ra2 h6 29. Qg4 Qc4 30. Rd2 Rxa4 31. Qd7 Qb4 32. Red1 Ra1 33. Rxd4 Rxd1+ 34. Rxd1 Qf4 35. Qa7 Rf7 36. Qa2 Qf6 37. Qd2 Qf4 38. Qe2 Kh7 39. Qc2+ Qf5 40. Qe2 Qf4 41. Rd2 Qf5 42. Rd3 Rc7 43. Qd2 Qc5 44. Qe1 Qc1 45. Rd1 Qf4 46. Qe2 Rf7 47. Rb1 Rf6 48. Re1 Rf7 49. Qc2+ Qf5 50. Qd2 Rd7 51. Qb2 Rc7 52. Rc1 Re7 53. Qd2 Rf7 54. Rc4 Qb1+ 55. Kh2 Qf5 56. f4 g6 57. Rd4 h5 58. Qc3 Qf6 59. Qc4 Kg7 60. Kh1 Kh7 61. Qd3 Kg7 62. Rd6 Qf5 63. Qd4+ Kh7 64. Rd8 Qf6 65. g3 Qxd4 66. Rxd4 Ra7 67. Rd2 Kg7 68. Kg2 Ra3 69. h4 Kf6 70. Rd6+ Kf5 71. Rd5+ Kf6 72. Re5 Ra2+ 73. Kf3 Ra3+ 74. Re3 Ra2 75. Rb3 Rc2 76. Rb6+ Kf5 77. Rb5+ Kf6 78. Rg5 Ra2 79. f5 Ra3+ 80. Kg2 Ra2+ 81. Kh3 gxf5 82. Rxh5 Rb2 83. Rh6+ Kf7 84. Ra6 Kg7 85. h5 Rb4 86. Rg6+ Kf7 87. Kg2 Rg4 88. Rxg4 fxg4 89. Kf2 Kf6 90. Ke3 Kg5 91. Ke4 Kxh5 92. Kf4 Kh6 93. Kxg4 Kg6 94. Kf4 Kf6 95. g4 Kg6 96. g5 Kg7 97. Kf5 Kf7 98. g6+ Kg7 99. Kg5 Kg8 100. Kf6 Kf8 101. g7+ Kg8 102. Kg6 1/2-1/2

[Event "LTU-ch"]
[Site "Vilnius"]
[Date "2017.02.25"]
[Round "1"]
[White "Velioniskis, Robertas"]
[Black "Pilipuitis, Mantas"]
[Result "1-0"]
[WhiteElo "1931"]
[BlackElo "1433"]
[PlyCount "69"]
[EventDate "2017.02.25"]
[EventType "swiss"]
[EventRounds "9"]
[EventCountry "LTU"]
[SourceTitle "CBM 177 Extra"]
[Source "ChessBase"]
[SourceDate "2017.04.27"]
[SourceVersion "1"]
[SourceVersionDate "2017.04.27"]
[SourceQuality "1"]

1. d4 d5 2. Nf3 Nf6 3. c4 e6 4. g3 c5 5. cxd5 exd5 6. Bg2 Nc6 7. 0-0 Be6 8. a3 c4 9. Nc3 Be7 10. Ne5 0-0 11. f4 g6 12. Be3 Rc8 13. Kh1 a6 14. Bg1 b5 15. Qe1 Kg7 16. Rd1 b4 17. axb4 Bxb4 18. Qf2 h5 19. Qe3 Re8 20. f5 Bxf5 21. Rxf5 gxf5 22. Qg5+ Kf8 23. Qh6+ Kg8 24. Nxd5 Nxd5 25. Nxc6 Qf6 26. Qxf6 Nxf6 27. Nxb4 Rxe2 28. d5 Rxb2 29. Nc6 Kg7 30. Bd4 Rb7 31. d6 Re8 32. Ne5 Rxe5 33. Bxb7 Re8 34. Bc6 Rd8 35. d7 1-0

[Event "WchT Amateur"]
[Site "Kaunas"]
[Date "2016.11.23"]
[Round "4.2"]
[White "Gucaga, Augustas"]
[Black "Velioniskis, Robertas"]
[Result "1/2-1/2"]
[WhiteElo "1843"]
[BlackElo "1921"]
[PlyCount "108"]
[EventDate "2016.11.20"]
[EventType "team-swiss"]
[EventRounds "9"]
[EventCountry "LTU"]
[SourceTitle "CBM 175 Extra"]
[Source "ChessBase"]
[SourceDate "2016.12.12"]
[SourceVersion "1"]
[SourceVersionDate "2016.12.12"]
[SourceQuality "1"]
[WhiteTeam "Lithuania Standartas"]
[BlackTeam "Lithuania KTU"]
[WhiteTeamCountry "LTU"]
[BlackTeamCountry "LTU"]

1. e4 d6 2. d4 Nf6 3. Nc3 e5 4. Nf3 exd4 5. Nxd4 Be7 6. Be2 0-0 7. 0-0 Re8 8. f4 Bf8 9. Bd3 c5 10. Nf3 Nc6 11. a3 a6 12. h3 b5 13. e5 dxe5 14. Nxe5 Nxe5 15. fxe5 Qd4+ 16. Kh1 Rxe5 17. Qf3 Ra7 18. Bf4 Rh5 19. Rad1 Bg4 20. Qg3 Bxd1 21. Rxd1 Qd7 22. Bxh7+ Rxh7 23. Rxd7 Rxd7 24. Bg5 Rd6 25. Be3 Rh5 26. Qf3 Re6 27. Bf4 b4 28. axb4 cxb4 29. Ne2 Rd5 30. c3 bxc3 31. Nxc3 Rd4 32. Qf2 Rb4 33. Nd1 Rxf4 34. Qxf4 Re1+ 35. Kh2 Rxd1 36. Qb8 Rd4 37. Qa8 Rd6 38. b3 Rb6 39. b4 g6 40. Qa7 Nd5 41. Kg1 Bxb4 42. Qa8+ Kg7 43. Qxd5 Rd6 44. Qe5+ Kf8 45. Qh8+ Ke7 46. Qe5+ Kd7 47. g4 f6 48. Qe4 Bc5+ 49. Kg2 g5 50. Qb7+ Ke6 51. Qe4+ Kd7 52. Qb7+ Ke6 53. Qe4+ Kd7 54. Qb7+ Ke6 1/2-1/2

[Event "LTU-chT"]
[Site "Lithuania"]
[Date "2016.01.24"]
[Round "2.5"]
[White "Barsciauskas, Gintautas"]
[Black "Velioniskis, Robertas"]
[Result "0-1"]
[WhiteElo "1716"]
[BlackElo "1957"]
[PlyCount "60"]
[EventDate "2016.01.23"]
[EventType "team-swiss"]
[EventRounds "7"]
[EventCountry "LTU"]
[SourceTitle "CBM 170 Extra"]
[Source "ChessBase"]
[SourceDate "2016.02.25"]
[SourceVersion "1"]
[SourceVersionDate "2016.02.25"]
[SourceQuality "1"]
[WhiteTeam "Klaipeda Bokstas"]
[BlackTeam "Vilnius MRU"]
[WhiteTeamCountry "LTU"]
[BlackTeamCountry "LTU"]

1. e4 c5 2. Nf3 e6 3. d4 cxd4 4. Nxd4 Nf6 5. e5 Qa5+ 6. c3 Qxe5+ 7. Be2 Be7 8. 0-0 0-0 9. Nd2 a6 10. N2f3 Qc7 11. a4 d5 12. Bg5 e5 13. Nc2 Be6 14. Bh4 Nc6 15. b4 Ne4 16. Qe1 Bxh4 17. Nxh4 Ne7 18. Ra3 Rac8 19. c4 dxc4 20. Bd1 f5 21. g4 c3 22. gxf5 Bd5 23. Qe3 Nxf5 24. Nxf5 Rxf5 25. h4 Rf4 26. Bf3 Qf7 27. Bg2 Nd2 28. Qxe5 Bxg2 29. Rxc3 Rxc3 30. Qxc3 Nxf1 0-1

[Event "EU Amateur-ch"]
[Site "Kaunas"]
[Date "2015.08.16"]
[Round "9"]
[White "Fanha, Paulo Alexandre Mar"]
[Black "Velioniskis, Robertas"]
[Result "1-0"]
[WhiteElo "1890"]
[BlackElo "1964"]
[PlyCount "65"]
[EventDate "2015.08.09"]
[EventType "swiss"]
[EventRounds "9"]
[EventCountry "LTU"]
[SourceTitle "CBM 167 Extra"]
[Source "ChessBase"]
[SourceDate "2015.09.14"]
[SourceVersion "1"]
[SourceVersionDate "2015.09.14"]
[SourceQuality "1"]

1. d4 d6 2. Nf3 g6 3. g3 Bg7 4. Bg2 e5 5. dxe5 dxe5 6. Qxd8+ Kxd8 7. Nc3 c6 8. 0-0 f6 9. b3 Bf8 10. Bb2 Be6 11. Rad1+ Nd7 12. Rd2 Ne7 13. Ne4 Kc8 14. c4 Ng8 15. Rfd1 Kc7 16. Rxd7+ Bxd7 17. Nxf6 Nxf6 18. Bxe5+ Bd6 19. Bxd6+ Kc8 20. Ne5 Be6 21. Nxc6 bxc6 22. Bxc6 Rb8 23. Bxb8 Kxb8 24. Rd6 Bg4 25. Rxf6 Bxe2 26. Rf7 Rd8 27. Rd7 Rf8 28. Rb7+ Kc8 29. Rxa7 Rf6 30. Bd5 h5 31. Re7 Bg4 32. Kg2 Ra6 33. Bb7+ 1-0

[Event "EU Amateur-ch"]
[Site "Kaunas"]
[Date "2015.08.13"]
[Round "6"]
[White "Velioniskis, Robertas"]
[Black "Makackas, Povilas"]
[Result "1-0"]
[WhiteElo "1964"]
[BlackElo "1597"]
[PlyCount "75"]
[EventDate "2015.08.09"]
[EventType "swiss"]
[EventRounds "9"]
[EventCountry "LTU"]
[SourceTitle "CBM 167 Extra"]
[Source "ChessBase"]
[SourceDate "2015.09.14"]
[SourceVersion "1"]
[SourceVersionDate "2015.09.14"]
[SourceQuality "1"]

1. d4 c5 2. d5 e5 3. e4 d6 4. a3 a6 5. a4 g6 6. Nf3 Bg7 7. Nc3 Ne7 8. g4 0-0 9. Nd2 f5 10. gxf5 gxf5 11. exf5 Nxf5 12. Nde4 Nd4 13. Be2 Bf5 14. Bg5 Qa5 15. Kf1 Qc7 16. Bg4 Nd7 17. Rg1 Kh8 18. Be7 Bxe4 19. Bxf8 Rxf8 20. Nxe4 Rf4 21. Ng3 Nf6 22. h3 Nxg4 23. hxg4 Nf3 24. Nh5 Rf8 25. Rg3 Qf7 26. Qe2 Bh6 27. Kg2 Nh4+ 28. Kh3 Ng6 29. g5 Nf4+ 30. Nxf4 exf4 31. Rgg1 Bg7 32. Rad1 Be5 33. Qg4 Qg6 34. f3 Rf5 35. Rg2 Bg7 36. Qh4 Be5 37. Rg4 Qf7 38. Re1 1-0

[Event "EU Amateur-ch"]
[Site "Kaunas"]
[Date "2015.08.09"]
[Round "1"]
[White "Velioniskis, Robertas"]
[Black "Pluta, Paulius"]
[Result "1-0"]
[WhiteElo "1964"]
[BlackElo "1554"]
[PlyCount "51"]
[EventDate "2015.08.09"]
[EventType "swiss"]
[EventRounds "9"]
[EventCountry "LTU"]
[SourceTitle "CBM 167 Extra"]
[Source "ChessBase"]
[SourceDate "2015.09.14"]
[SourceVersion "1"]
[SourceVersionDate "2015.09.14"]
[SourceQuality "1"]

1. d4 e6 2. c4 f5 3. g3 Nf6 4. Bg2 c6 5. Nf3 d5 6. b3 Bd6 7. 0-0 Qe7 8. Bb2 0-0 9. Ne5 Nbd7 10. Nd2 Ne4 11. f3 Nxe5 12. Nxe4 Nxc4 13. bxc4 fxe4 14. fxe4 dxc4 15. Qc2 b5 16. e5 Bc7 17. Bxc6 Rb8 18. Be4 g6 19. Bxg6 hxg6 20. Qxg6+ Qg7 21. Rxf8+ Kxf8 22. Rf1+ Kg8 23. Qe8+ Kh7 24. Rf7 Bxe5 25. dxe5 Ba6 26. Rxg7+ 1-0

[Event "LTU-ch sf"]
[Site "Vilnius"]
[Date "2015.02.24"]
[Round "8"]
[White "Velioniskis, Robertas"]
[Black "Barsciauskas, Gintautas"]
[Result "1-0"]
[WhiteElo "1966"]
[BlackElo "1725"]
[PlyCount "111"]
[EventDate "2015.02.18"]
[EventType "swiss"]
[EventRounds "8"]
[EventCountry "LTU"]
[SourceTitle "CBM 165 Extra"]
[Source "ChessBase"]
[SourceDate "2015.04.21"]
[SourceVersion "1"]
[SourceVersionDate "2015.04.21"]
[SourceQuality "1"]

1. d4 Nf6 2. c4 e6 3. g3 d5 4. Bg2 c6 5. Nf3 Be7 6. 0-0 0-0 7. Qc2 a5 8. Nbd2 Na6 9. e4 dxe4 10. Nxe4 c5 11. Rd1 Nb4 12. Qe2 Nxe4 13. Qxe4 Bf6 14. Be3 cxd4 15. Bxd4 Qe7 16. Ne5 Ra6 17. Rd2 Nc6 18. Bc3 Nxe5 19. Bxe5 Bxe5 20. Qxe5 f6 21. Qb5 Qc7 22. Rad1 h6 23. c5 a4 24. Qc4 Ra5 25. c6 bxc6 26. Bxc6 Kh8 27. Qb4 Rg8 28. Bxa4 Rc5 29. Bb3 Rc1 30. Qd6 Rxd1+ 31. Rxd1 Qb7 32. Rd2 Qe4 33. Qd3 Qe1+ 34. Kg2 Ba6 35. Rd1 Bb7+ 36. f3 Qe5 37. Rd2 g5 38. Re2 Qc5 39. Bxe6 g4 40. Bxg4 Rxg4 41. Qd8+ Kh7 42. Re7+ Rg7 43. Rxg7+ Kxg7 44. Qd7+ Kh8 45. Qxb7 Qc2+ 46. Kh3 Qf5+ 47. g4 Qd3 48. Qc8+ Kg7 49. Qc7+ Kg6 50. Kg3 Qe2 51. Qc3 Qd1 52. Qe3 Qd6+ 53. f4 Qb8 54. b3 h5 55. Qe4+ Kh6 56. gxh5 1-0

[Event "LTU-ch sf"]
[Site "Vilnius"]
[Date "2015.02.20"]
[Round "3"]
[White "Misiuk, Ernest"]
[Black "Velioniskis, Robertas"]
[Result "0-1"]
[WhiteElo "1648"]
[BlackElo "1966"]
[PlyCount "88"]
[EventDate "2015.02.18"]
[EventType "swiss"]
[EventRounds "8"]
[EventCountry "LTU"]
[SourceTitle "CBM 165 Extra"]
[Source "ChessBase"]
[SourceDate "2015.04.21"]
[SourceVersion "1"]
[SourceVersionDate "2015.04.21"]
[SourceQuality "1"]

1. d4 Nf6 2. c4 g6 3. Nf3 Bg7 4. g3 c5 5. d5 b5 6. cxb5 Qa5+ 7. Bd2 Qxb5 8. Nc3 Qb6 9. Bg2 d6 10. 0-0 0-0 11. Qc2 Na6 12. a3 Rb8 13. Rab1 Qb3 14. Qxb3 Rxb3 15. Rfe1 Bd7 16. e4 Rfb8 17. e5 dxe5 18. Nxe5 Rxb2 19. Rxb2 Rxb2 20. Nc4 Rc2 21. Rxe7 Nb8 22. Bf1 Ng4 23. Bd3 Rxc3 24. Bxc3 Bxc3 25. Ne3 Ne5 26. Be2 Kf8 27. d6 Nbc6 28. f4 Bd4 29. Kf2 Nxe7 30. dxe7+ Kxe7 31. fxe5 Bc6 32. Bc4 Bxe5 33. Ke2 f5 34. Bg8 h5 35. Bc4 f4 36. gxf4 Bxf4 37. Nd5+ Bxd5 38. Bxd5 Bxh2 39. Kd3 g5 40. Ke4 Kd6 41. Bc4 Kc6 42. a4 Kb6 43. Bb5 Ka5 44. Kd5 Kb4 0-1

[Event "LTU-ch sf"]
[Site "Vilnius"]
[Date "2015.02.19"]
[Round "2"]
[White "Velioniskis, Robertas"]
[Black "Martinkus, Rolandas"]
[Result "0-1"]
[WhiteElo "1966"]
[BlackElo "2140"]
[PlyCount "48"]
[EventDate "2015.02.18"]
[EventType "swiss"]
[EventRounds "8"]
[EventCountry "LTU"]
[SourceTitle "CBM 165 Extra"]
[Source "ChessBase"]
[SourceDate "2015.04.21"]
[SourceVersion "1"]
[SourceVersionDate "2015.04.21"]
[SourceQuality "1"]

1. d4 Nf6 2. c4 c5 3. d5 b5 4. cxb5 a6 5. bxa6 g6 6. Nc3 Bg7 7. e4 0-0 8. Nf3 Qa5 9. Nd2 Bxa6 10. Be2 d6 11. 0-0 Nfd7 12. Bxa6 Qxa6 13. f4 Nb6 14. Nf3 N8d7 15. Qe1 Nc4 16. Qh4 Ra7 17. f5 Nde5 18. Bh6 Rb8 19. b3 Nxf3+ 20. Rxf3 Bd4+ 21. Kh1 Rxb3 22. fxg6 hxg6 23. Raf1 Ne5 24. Rh3 Qxf1# 0-1

[Event "Taujenai Mikenas Memorial 2nd"]
[Site "Taujenai"]
[Date "2014.08.08"]
[Round "6"]
[White "Velioniskis, Robertas"]
[Black "Stremavicius, Titas"]
[Result "0-1"]
[WhiteElo "1986"]
[BlackElo "2359"]
[PlyCount "100"]
[EventDate "2014.08.03"]
[EventType "swiss"]
[EventRounds "6"]
[EventCountry "LTU"]
[SourceTitle "CBM 161 Extra"]
[Source "ChessBase"]
[SourceDate "2014.08.29"]
[SourceVersion "1"]
[SourceVersionDate "2014.08.29"]
[SourceQuality "1"]

1. d4 c5 2. d5 e5 3. e4 d6 4. Nc3 Be7 5. Nf3 Bg4 6. h3 Bxf3 7. Qxf3 Bg5 8. Bxg5 Qxg5 9. Bb5+ Kf8 10. h4 Qf6 11. Qh3 Qd8 12. g4 h5 13. Rg1 hxg4 14. Rxg4 a6 15. Be2 Nf6 16. Rg2 b5 17. Bf3 Nh5 18. Ne2 Nd7 19. 0-0-0 Ndf6 20. Bxh5 Nxh5 21. Qg4 Qc8 22. Qg5 Qd8 23. Qg4 g6 24. Rh1 Qe7 25. Ng3 c4 26. Nxh5 Rxh5 27. c3 Qf6 28. Rh3 Ke7 29. Rf3 Rxh4 30. Qg3 Rf4 31. Rxf4 exf4 32. Qg4 Rh8 33. Kc2 f3 34. Rg3 Rh4 35. Qc8 Rxe4 36. Rh3 Re2+ 37. Kd1 Qf5 38. Qc7+ Qd7 39. Qxd7+ Kxd7 40. Rxf3 Rxb2 41. Rxf7+ Kc8 42. f4 Rxa2 43. Rf6 Kc7 44. Rxg6 Rf2 45. Rf6 a5 46. Rf8 b4 47. cxb4 axb4 48. f5 b3 49. Kc1 c3 50. f6 Rf1# 0-1

[Event "Taujenai Mikenas Memorial 2nd"]
[Site "Taujenai"]
[Date "2014.08.05"]
[Round "3"]
[White "Andriulevicius, Kestutis"]
[Black "Velioniskis, Robertas"]
[Result "0-1"]
[WhiteElo "1595"]
[BlackElo "1986"]
[PlyCount "98"]
[EventDate "2014.08.03"]
[EventType "swiss"]
[EventRounds "6"]
[EventCountry "LTU"]
[SourceTitle "CBM 161 Extra"]
[Source "ChessBase"]
[SourceDate "2014.08.29"]
[SourceVersion "1"]
[SourceVersionDate "2014.08.29"]
[SourceQuality "1"]

1. e4 c5 2. Nf3 d6 3. d4 cxd4 4. Nxd4 Nf6 5. Nc3 a6 6. Bd3 b5 7. 0-0 Bb7 8. a3 Nbd7 9. h3 Nc5 10. f3 e6 11. Be3 Be7 12. b4 Ncd7 13. Qe2 Rc8 14. Qd2 Qc7 15. Ncxb5 axb5 16. Nxb5 Qd8 17. Be2 d5 18. Rfc1 Ne5 19. exd5 Bxd5 20. Na7 Rc7 21. Bb6 Qb8 22. Bxc7 Qxa7+ 23. Kh1 Qxc7 24. Bb5+ Bc6 25. Bxc6+ Qxc6 26. Qd4 Bd6 27. c4 0-0 28. b5 Qc5 29. Qxc5 Bxc5 30. a4 Nfd7 31. f4 Nd3 32. g3 Nxc1 33. Rxc1 Bb4 34. a5 Bxa5 35. c5 Rb8 36. c6 Nf6 37. Kg2 Nd5 38. Rc5 Kf8 39. Kf3 Ke7 40. Ke4 Kd6 41. Rc4 Rxb5 42. g4 Rb4 43. Rxb4 Bxb4 44. f5 e5 45. g5 f6 46. h4 Kxc6 47. Kf3 Ne7 48. Kg4 e4 49. h5 h6 0-1

[Event "Baltic Amateur op"]
[Site "Vilnius"]
[Date "2014.03.10"]
[Round "4"]
[White "Sabaliauskis, Martynas"]
[Black "Velioniskis, Robertas"]
[Result "0-1"]
[WhiteElo "1755"]
[BlackElo "1995"]
[PlyCount "66"]
[EventDate "2014.03.09"]
[EventType "swiss"]
[EventRounds "5"]
[EventCountry "LTU"]
[SourceTitle "CBM 159 Extra"]
[Source "ChessBase"]
[SourceDate "2014.04.24"]
[SourceVersion "1"]
[SourceVersionDate "2014.04.24"]
[SourceQuality "1"]

1. Nf3 d5 2. d4 Nf6 3. c4 c6 4. Nc3 dxc4 5. a4 Bf5 6. e3 e6 7. Bxc4 Bb4 8. 0-0 0-0 9. Bd2 Qe7 10. Nh4 Bg4 11. Be2 Bxe2 12. Qxe2 c5 13. Nf3 Nc6 14. dxc5 Bxc5 15. Rfd1 Rfd8 16. e4 Ng4 17. Be1 Qf6 18. h3 Nge5 19. Nxe5 Qxe5 20. Rxd8+ Rxd8 21. Rd1 Rd4 22. Rxd4 Nxd4 23. Qd3 Bd6 24. f4 Qc5 25. Bf2 e5 26. Kh1 Qb4 27. fxe5 Bxe5 28. Bxd4 Bxd4 29. Qb5 Bxc3 30. bxc3 Qxb5 31. axb5 a5 32. bxa6 bxa6 33. Kg1 a5 0-1

[Event "Baltic Amateur op"]
[Site "Vilnius"]
[Date "2014.03.09"]
[Round "2"]
[White "Urbonaviciute, Zivile"]
[Black "Velioniskis, Robertas"]
[Result "1-0"]
[WhiteElo "1838"]
[BlackElo "1995"]
[PlyCount "81"]
[EventDate "2014.03.09"]
[EventType "swiss"]
[EventRounds "5"]
[EventCountry "LTU"]
[SourceTitle "CBM 159 Extra"]
[Source "ChessBase"]
[SourceDate "2014.04.24"]
[SourceVersion "1"]
[SourceVersionDate "2014.04.24"]
[SourceQuality "1"]

1. e4 c5 2. Nf3 d6 3. d4 cxd4 4. Nxd4 Nf6 5. Nc3 a6 6. Be2 b5 7. a3 Bb7 8. Bf3 Qc7 9. 0-0 e6 10. Re1 Nbd7 11. g3 Be7 12. Bg2 0-0 13. Nb3 Nc5 14. Nxc5 dxc5 15. Bf4 Qb6 16. Qe2 Rfd8 17. Rad1 b4 18. axb4 cxb4 19. Nb1 Qc6 20. Rxd8+ Rxd8 21. c3 a5 22. cxb4 axb4 23. Rc1 Qa4 24. Nd2 h6 25. h4 Qa2 26. Rc7 Ba6 27. Qf3 Qa1+ 28. Kh2 Rd3 29. Be3 h5 30. Rxe7 Ng4+ 31. Kh3 f6 32. e5 Qg1 33. Qa8+ Kh7 34. Nf3 Rxe3 35. Rxg7+ Kxg7 36. exf6+ Kh7 37. Qa7+ Kg6 38. Qg7+ Kf5 39. Qg5+ Ke4 40. Nxg1+ Kd3 41. Qxe3+ 1-0

[Event "LTU-ch sf"]
[Site "Vilnius"]
[Date "2014.02.18"]
[Round "3"]
[White "Dzenkauskas, Jurgis"]
[Black "Velioniskis, Robertas"]
[Result "1/2-1/2"]
[WhiteElo "1846"]
[BlackElo "1996"]
[PlyCount "56"]
[EventDate "2014.02.17"]
[EventType "swiss"]
[EventRounds "8"]
[EventCountry "LTU"]
[SourceTitle "CBM 158 Extra"]
[Source "ChessBase"]
[SourceDate "2014.02.28"]
[SourceVersion "1"]
[SourceVersionDate "2014.02.28"]
[SourceQuality "1"]

1. Nf3 d5 2. d4 Nf6 3. c4 dxc4 4. e3 a6 5. Bxc4 b5 6. Bd3 Bb7 7. 0-0 e6 8. b3 Nbd7 9. Bb2 c5 10. Nbd2 Be7 11. Rc1 Rc8 12. Qe2 0-0 13. Rfd1 Nd5 14. Bb1 Qb6 15. Ne5 N7f6 16. Ne4 Nxe4 17. Bxe4 Nf6 18. dxc5 Bxc5 19. Bxb7 Qxb7 20. Qf3 Qxf3 21. gxf3 Rfe8 22. Nd7 Nxd7 23. Rxd7 b4 24. Bd4 Bxd4 25. Rxc8 Rxc8 26. Rxd4 a5 27. Rd7 g6 28. Ra7 Rc5 1/2-1/2

[Event "Kaunas GP op"]
[Site "Kaunas"]
[Date "2013.09.15"]
[Round "4"]
[White "Velioniskis, Robertas"]
[Black "Gailiunaite, Saule"]
[Result "1-0"]
[WhiteElo "1787"]
[BlackElo "1644"]
[PlyCount "49"]
[EventDate "2013.09.13"]
[EventType "swiss"]
[EventRounds "5"]
[EventCountry "LTU"]
[SourceTitle "EXT 2024"]
[Source "ChessBase"]
[SourceDate "2023.10.10"]
[SourceVersion "1"]
[SourceVersionDate "2023.10.10"]
[SourceQuality "1"]

1. d4 f5 2. g3 g6 3. Bg2 Bg7 4. Nf3 Nf6 5. 0-0 0-0 6. b4 Qe8 7. Bb2 d6 8. c4 c6 9. Qb3 Bd7 10. a4 Kh8 11. b5 cxb5 12. axb5 d5 13. Ne5 dxc4 14. Nxc4 Ne4 15. Nb6 axb6 16. Rxa8 Bxb5 17. Rxb8 Qxb8 18. Qxb5 Qd8 19. Bxe4 fxe4 20. e3 Rf5 21. Qc4 b5 22. Qe6 b4 23. Rc1 Qd6 24. Rc8+ Bf8 25. d5+ 1-0

[Event "Kaunas GP op"]
[Site "Kaunas"]
[Date "2013.09.14"]
[Round "3"]
[White "Lazaravicius, Aras Jonas"]
[Black "Velioniskis, Robertas"]
[Result "0-1"]
[WhiteElo "1569"]
[BlackElo "1787"]
[PlyCount "52"]
[EventDate "2013.09.13"]
[EventType "swiss"]
[EventRounds "5"]
[EventCountry "LTU"]
[SourceTitle "EXT 2024"]
[Source "ChessBase"]
[SourceDate "2023.10.10"]
[SourceVersion "1"]
[SourceVersionDate "2023.10.10"]
[SourceQuality "1"]

1. d4 d6 2. c4 e5 3. Nc3 exd4 4. Qxd4 Nc6 5. Qd2 g6 6. b3 Bg7 7. Bb2 Nf6 8. Nf3 0-0 9. e3 Re8 10. Be2 Bf5 11. 0-0 Ng4 12. Nd4 Nxd4 13. exd4 Bh6 14. Qd1 Qh4 15. Bxg4 Bxg4 16. f3 Be3+ 17. Kh1 Bf4 18. g3 Bxg3 19. Qd2 Bf5 20. Nd5 Bd3 21. Nf6+ Kf8 22. Nxe8 Rxe8 23. Bc1 Kg8 24. Qg2 Bxf1 25. Qxg3 Qxd4 26. Rb1 Qd1 0-1

[Event "Panevezys op-A 26th"]
[Site "Panevezys"]
[Date "2013.08.14"]
[Round "4"]
[White "Velioniskis, Robertas"]
[Black "Malinin, Yuri"]
[Result "0-1"]
[WhiteElo "1988"]
[BlackElo "2306"]
[PlyCount "88"]
[EventDate "2013.08.12"]
[EventType "swiss"]
[EventRounds "9"]
[EventCountry "LTU"]
[SourceTitle "CBM 155 Extra"]
[Source "ChessBase"]
[SourceDate "2013.08.26"]
[SourceVersion "1"]
[SourceVersionDate "2013.08.26"]
[SourceQuality "1"]

1. d4 Nf6 2. c4 g6 3. Nc3 Bg7 4. e4 d6 5. Be2 0-0 6. Nf3 e5 7. 0-0 exd4 8. Nxd4 Re8 9. f3 c6 10. Nb3 a5 11. Kh1 a4 12. Nd4 a3 13. b4 Nh5 14. Be3 Na6 15. b5 Nb4 16. Qb3 c5 17. Nc2 Nxc2 18. Qxc2 f5 19. Rad1 f4 20. Bf2 Be5 21. Rfe1 Bd7 22. Qd3 Be6 23. Nb1 Qf6 24. Rc1 Ra4 25. Rc2 Qf7 26. Rd1 g5 27. Be1 Ng3+ 28. Bxg3 fxg3 29. h3 Rd8 30. Nd2 Rb4 31. Nf1 Qf4 32. Ne3 Rb2 33. Nd5 Qf7 34. Qd2 h6 35. Bd3 Rf8 36. Qe3 Bd4 37. Qe1 Be5 38. Qe3 Kg7 39. Qd2 Bxh3 40. Ne3 Be6 41. Kg1 Bd4 42. Kf1 g4 43. Nd5 Bf6 44. Ke2 gxf3+ 0-1

[Event "Plateliai op 23rd"]
[Site "Plateliai"]
[Date "2013.07.20"]
[Round "8"]
[White "Sabaliauskis, Martynas"]
[Black "Velioniskis, Robertas"]
[Result "0-1"]
[WhiteElo "1724"]
[BlackElo "1980"]
[PlyCount "86"]
[EventDate "2013.07.15"]
[EventType "swiss"]
[EventRounds "9"]
[EventCountry "LTU"]
[SourceTitle "EXT 2014"]
[Source "ChessBase"]
[SourceDate "2013.11.20"]
[SourceVersion "1"]
[SourceVersionDate "2013.11.20"]
[SourceQuality "1"]

1. Nf3 d5 2. d4 Nf6 3. c4 dxc4 4. Qa4+ c6 5. Qxc4 Bf5 6. Bg5 Nbd7 7. e3 e6 8. Nc3 Be7 9. Qb3 Qb6 10. Bc4 Qxb3 11. Bxb3 Bb4 12. 0-0 Ne4 13. Rac1 Bxc3 14. bxc3 h6 15. Bf4 g5 16. Bg3 h5 17. h4 g4 18. Nh2 Nxg3 19. fxg3 Ke7 20. Bc2 Bxc2 21. Rxc2 f5 22. e4 fxe4 23. Rf4 Nf6 24. Rb2 b6 25. Nf1 Nd5 26. Rxe4 Nxc3 27. Re5 Nb5 28. d5 Kd6 29. Rxe6+ Kxd5 30. Rf6 Nd4 31. Rd2 c5 32. Ne3+ Ke5 33. Rg6 Ke4 34. Nc4 b5 35. Nd6+ Ke3 36. Rb2 c4 37. Rg5 c3 38. Re5+ Kd3 39. Rb1 c2 40. Rc1 Kd2 41. Ree1 Ne2+ 42. Kf2 Rhf8+ 43. Nf5 Nd4 0-1

[Event "Plateliai op 23rd"]
[Site "Plateliai"]
[Date "2013.07.18"]
[Round "6"]
[White "Juknis, Paulius"]
[Black "Velioniskis, Robertas"]
[Result "1/2-1/2"]
[WhiteElo "2180"]
[BlackElo "1980"]
[PlyCount "35"]
[EventDate "2013.07.15"]
[EventType "swiss"]
[EventRounds "9"]
[EventCountry "LTU"]
[SourceTitle "EXT 2014"]
[Source "ChessBase"]
[SourceDate "2013.11.20"]
[SourceVersion "1"]
[SourceVersionDate "2013.11.20"]
[SourceQuality "1"]

1. e4 e5 2. Nf3 Nc6 3. Bc4 Bc5 4. c3 Nf6 5. d3 d6 6. Bb3 a6 7. h3 h6 8. Nbd2 Ba7 9. Nf1 0-0 10. g4 Nh7 11. Ng3 Be6 12. Qe2 d5 13. 0-0 dxe4 14. dxe4 Bxb3 15. axb3 Qe8 16. Nf5 f6 17. Kg2 Qe6 18. Qc4 1/2-1/2